| 000 | 00769nam a2200217 i 4500 | ||
|---|---|---|---|
| 001 | C00006677c | ||
| 005 | 20241029142734.0 | ||
| 008 | 940823s1961 sp f 000 0 spa d | ||
| 080 | _a726.54(463.3 Helguera) | ||
| 100 | 1 |
_aHernández Morales, Ángel. _916700 |
|
| 245 | 1 | 0 |
_aIglesia de Helguera (Molledo, Santander) / _cÁngel Hernández Morales. |
| 260 |
_aMadrid : _bMaestre, _c1961. |
||
| 300 |
_aP. 225-262, [3] p. de lám., [1] p. de lám. pleg. ; _c24 cm. |
||
| 500 | _aSeparata de: Boletín de la Real Academia de la Historia, T. CXLVIII, cuaderno II. | ||
| 500 | _aFirma del autor. | ||
| 610 | 2 | 4 |
_aIglesia de Helguera ( _cMolledo, España) _95130 |
| 651 | 4 |
_aMolledo (Cantabria, España) _95131 |
|
| 852 | 4 | 2 | _jF-2326 |
| 999 |
_c6592 _d6592 |
||